书目信息 |
| 题名: |
秋季养生
|
|
| 作者: | 郭海英 , 宋为民 编著 | |
| 分册: | ||
| 出版信息: | 南京 南京出版社 1999.09 |
|
| 页数: | 160页 | |
| 开本: | 32开 | |
| 丛书名: | ||
| 单 册: | ||
| 中图分类: | R161 | |
| 科图分类: | ||
| 主题词: | 个人卫生 | |
| 电子资源: | ||
| ISBN: | 7-80614-388-2 | |
| 000 | 00575nam0 2200205 45 | |
| 001 | 0011190930 | |
| 005 | 20001119091641.2 | |
| 010 | @a7-80614-388-2@d7.00元 | |
| 100 | @a20001119d1999 km y0chiy0120 ea | |
| 101 | 0 | @achi |
| 105 | @a z 000yy | |
| 200 | 1 | @a秋季养生@AQiu Ji Yang Sheng@f郭海英,宋为民编著@FGuo Hai Ying,Song Wei Min Bian Zhu |
| 210 | @a南京@c南京出版社@d1999.09 | |
| 215 | @a160页@d32开 | |
| 606 | 0 | @a个人卫生 |
| 690 | @aR161@v3 | |
| 701 | 0 | @a郭海英@4编著 |
| 701 | 0 | @a宋为民@4编著 |
| 801 | @aCN@bPftUser@c20001119 | |
| 905 | @b413394-395@dR161@eG914@f2 | |
| 秋季养生/郭海英,宋为民编著.-南京:南京出版社,1999.09 |
| 160页;32开 |
| ISBN 7-80614-388-2:7.00元 |
| ● |
| 相关链接 |
|
|
|
正题名:秋季养生
索取号:R161/G914
 
预约/预借
| 序号 | 登录号 | 条形码 | 馆藏地/架位号 | 状态 | 备注 |
| 1 | 413394 | 204133945 | 自科库401/ [索取号:R161/G914] | 在馆 | |
| 2 | 413395 | 204133954 | 自科库401/401自科库 3排3列1层/ [索取号:R161/G914] | 在馆 |